Normal view
MARC view
Entry Personal Name
001 - CONTROL NUMBER
- control field: 13234
003 - CONTROL NUMBER IDENTIFIER
- control field: ARRUPE
005 - DATE AND TIME OF LATEST TRANSACTION
- control field: 20141210133435.0
008 - FIXED-LENGTH DATA ELEMENTS
- fixed length control field: 141210|| aca||aabn | a|a d
040 ## - CATALOGING SOURCE
- Original cataloging agency: ARRUPE
- Transcribing agency: ARRUPE
100 ## - HEADING--PERSONAL NAME
- Personal name: William,
- Titles and other words associated with a name: of Saint-Thierry, Abbot of Saint-Thierry,
- Dates associated with a name: approximately 1085-1148?
- General subdivision: Congresses.
670 ## - SOURCE DATA FOUND
- Source citation: Work cat.: (ARRUPE)0: Colloque international d'histoire monastique (1976 : Reims, France, and Saint-Thierry, France) 13232, William, Abbot of St. Thierry :, c1987.